| 000 | 00795nam a22002417a 4500 | ||
|---|---|---|---|
| 999 |
_c7407 _d7407 |
||
| 003 | AR-CdUCM | ||
| 008 | 190320b ||||| |||| 00| 0 spa d | ||
| 020 | _a978-612-46686-0-9 | ||
| 040 |
_aMUNICIPALIDAD PROVINCIAL DEL CUSCO _cBIBLIOTECA MUNICIPAL DEL CUSCO |
||
| 082 |
_a635.2 / _bR46 |
||
| 100 |
_aRevilla, Luis _920888 |
||
| 245 | _aCostumbre de las papas nativas / | ||
| 260 |
_aCusco : _bCentro de Servicios Agropecuarios, _c2014. |
||
| 300 |
_a187 paginas ; _bil. col., diagrs., mapa, _c21 cm. |
||
| 500 | _aTuberculos | ||
| 505 | _aContenido: Implementación del proyecto -- Enseñanzas recepcionadas | ||
| 650 |
_aTuberculos _920889 |
||
| 650 |
_aPapa Andina _920890 |
||
| 650 |
_aCostumbres _9230 |
||
| 650 |
_aLiteratura moderna _99575 |
||
| 942 |
_2ddc _cLIBROS |
||
| 945 | _apjha | ||